Library Logo

Pioneer International University Library Catalogue

SECONDARY GEOGRAPHY FORM FOUR (Record no. 4780)

MARC details
000 -LEADER
fixed length control field 00312nam a22001097a 4500
005 - DATE AND TIME OF LATEST TRANSACTION
control field 20250901165504.0
008 - FIXED-LENGTH DATA ELEMENTS--GENERAL INFORMATION
fixed length control field 210512b |||||||| |||| 00| 0 eng d
050 ## - LIBRARY OF CONGRESS CALL NUMBER
Classification number G 73 .K46 2016
245 ## - TITLE STATEMENT
Title SECONDARY GEOGRAPHY FORM FOUR
Statement of responsibility, etc. K.L.B.
260 ## - PUBLICATION, DISTRIBUTION, ETC.
Place of publication, distribution, etc. NAIROBI
Name of publisher, distributor, etc. K.L.B.
Date of publication, distribution, etc. 2016
942 ## - ADDED ENTRY ELEMENTS (KOHA)
Source of classification or shelving scheme Library of Congress Classification
Classification part G 73 .K46 2016
Holdings
Withdrawn status Lost status Source of classification or shelving scheme Damaged status Not for loan Home library Current library Shelving location Date acquired Total checkouts Full call number Barcode Date last seen Price effective from Koha item type
    Library of Congress Classification     Main Library Main Library   05/12/2021   G 73 .K46 2016 PIU0170510 05/12/2021 05/12/2021 Books